000 005960000a22001810004500
003 MACL
005 20160529123623.0
008 160529b xxu||||| |||| 00| 0 eng d
040 _aMACL
_cMACL
041 _aHindi
082 _a891.433 RAY
100 _aराय, विभूति नारायण
_955646
245 _aशहर में कफर्यू
_cविभूति नारायण राय
260 _bमैत्रेय प्रकाशन
_c1991
_aनई दिल्‍ली
350 _a45
650 _aNovel
_960787
942 _cHIN
_k891.433/RAY/N
_2ddc
999 _c20943
_d20943